00541nam a2200181 a 4500001001300000003000900013005001700022008004100039020002300080082001700103100002200120245007100142260004000213300000900253500003500262650004000297700002200337nice12345678IN_TiNIC20260116015309.0070530s1993 kana grp 000 0 eng  a1556125631 c20000a303.625bMCM aMcmmahon, Edwin M aBeyond the Myth of Dominanceb An Alternative to a Violent Society aKansas City bSheed and Ward c1993 a266p aincludes index and biblioraphy aViolence-Religion-aspects-christian1 aMcmmahon, Edwin M